000 00520nam a2200181Ia 4500
008 240925s9999 xx 000 0 und d
020 _a9789380853284
082 _a005.131 LIN
100 _aLinz, Peter
245 3 _aAn introduction to formal languages and automata
250 _a5th
260 _aNew Delhi:
_bJones and Bartlett
_c,2011.
300 _axxvi,713p.
_bNA
_fOriginal
500 _aIncludes Index
600 _aComputer Science
650 _aComputer science, information & general works
942 _cBK
999 _c12977
_d12977